000 00577nam a22001817a 4500
005 20240814110248.0
010 _aENG-141103
020 _c125.00
_a9781845570248
035 _aEN-124635
037 _bDBAD
082 _a133.9
100 _aChawdhri
_969998
245 _aSecrets of Astrology:
_bBased on Hindu Astrology/
_cBy L.R Chawdhri
260 _aNew Delhi
_bSTERLING PUBLISHERS PRIVATE LIMITED
_c2019
270 _bNew Delhi
_e110005
_a110, Pratap Chambers, Gurudwara Road, Karol Bagh
300 _a177p.:
_c22cm(pb)
942 _2ddc
_cEN
_h133.9
_mCHA
999 _c204655
_d204655